Lezioni americane : sei proposte per il prossimo millennio

সংরক্ষণ করুন:
গ্রন্থ-পঞ্জীর বিবরন
প্রধান লেখক: Calvino, Italo
বিন্যাস: গ্রন্থ
ভাষা:ইংরেজি
প্রকাশিত: Milano Mondadori 1993
ট্যাগগুলো: ট্যাগ যুক্ত করুন
কোনো ট্যাগ নেই, প্রথমজন হিসাবে ট্যাগ করুন!

MARC

LEADER 00000nam a2200000 4500
005 20231110002045.0
008 231110b |||||||| |||| 00| 0 eng d
020 |a 8804375922 
040 |c C 
082 |a 854.914 
100 |a Calvino, Italo 
245 |a Lezioni americane  |b : sei proposte per il prossimo millennio 
260 |a Milano  |b Mondadori  |c 1993 
942 |2 ddc  |c BK  |n 0 
952 |0 0  |1 0  |2 ddc  |4 0  |6 854_914000000000000_CAL_LEZ  |7 1  |9 147  |a GE  |b GE  |d 2019-10-28  |l 0  |o 854.914 CAL LEZ  |p 3471  |r 2023-11-10 00:20:21  |w 2023-11-10  |y BK 
999 |c 124  |d 124